1151 1243 1088 1817 1626 1942 1135 1552 1255 1161 1980 1441 1082 1198 1987 1966 1167 1499 1238 1345 1892 1935 1000 1576 1450 1478 1022 1438 1387 1250 1406 1513 1425 1828 1328 1529 1461 1247 1950 1719 1561 1830 1116 1688 1905 1878 1153 1883 1403 1242 1885 1952 1234 1808 1021 1584 1723 1165 1683 1342 1791 1897 1612 1523 1491 1746 1537 1720 1896 1956 1053 1499 1955 1615 1518 1224 1177 1253 1901 1804 1543 1766 1246 1851 1013 1059 1347 1843 1223 1939 1415 1050 1284 1382 1080 1576 1736 1702 1828 BCNSPRNW ULIB Ver.6.0+V

เปลี่ยนเป็นภาษาไทย

Change to English
 แสดงรายละเอียดบรรณานุกรม
  กลับหน้าหลัก

Brief Record : Get Marc (ISO 2709) : E-mail record : QR code < ปิดหน้าต่าง
LEADER : 00000nam 2200000uu 4500
001    13399123512
003     ULIB
008    141003s2535||||th 000 0 tha d
020    9742451419
099    นว.^bศ263ห
100 0  ศรีฟ้า ลดาวัลย์
245 00 หลานสาวคุณหญิง/^cศรีฟ้า ลดาวัลย์
260    กรุงเทพฯ:^bโรงพิมพ์อักษรธเนศวร,^c2535
300    534 หน้า
945    ^p0^l0^i003030
999    ^aเกษร โพธิ์สุวรรณ
รายการนี้ยังไม่มีแท็ก
คุณยังไม่ได้ล็อกอิน คุณสามารถมีกิจกรรมร่วมกับเว็บไซต์ได้ แต่ต้องล็อกอินก่อน ::
  ล็อกอิน

รายการสื่อสารสนเทศ

ลำดับที่ ประเภท เลขเรียก/บาร์โค้ด สถานที่ สถานะ
1. นวนิยาย
นวนิยาย
นว. ศ263ห ฉ.1 
  Barcode: 003030
ห้องสมุดวิทยาเขตนครสวรรค์
►นวนิยาย:l:Fiction
บนชั้น

BibComment


ยังไม่เคยถูกคอมเมนท์

คอมเมนท์ทรัพยากรรายการนี้
  คอมเมนท์: หลานสาวคุณหญิง ศร..


 Copyright 2026. Bcnsprnw @Library